000 00478nam a2200205Ia 4500
003 OSt
005 20220924153700.0
006 a|||||r|||| 00| 0
007 ta
008 220923b |||||||| |||| 00| 0 urd d
024 _a351240
037 _cTextual
040 _aARTS
_cARTS
_burd
041 _2urd
_aurd
082 _aO168, P3.1-.8
245 0 _aJama-e-urdu
260 _c2003
942 _hO168, P3.1-.8
_cTEXL
_2CC
999 _c474471
_d474471